000 01345cam a22004094i 4500
003 PE-LiUPU
005 20250731173057.0
008 150623s r 000 0 d
035 _a(Sirsi) a24356
040 _aPE-LiUPU
_bspa
_cPE-LiUPU
_erda
082 0 4 _a268.01
_bM58
_221
100 1 _aMiller, Donald E.,
_eautor.
245 1 0 _aStory and context :
_ban introduction to Christian education /
_cDonald E. MIller.
264 1 _aNashville, Tennessee :
_bAbingdon Press,
_c1990.
300 _a400 páginas ;
_c22 cm.
336 _atext
_2rdacontent
337 _aunmediated
_2rdamedia
338 _avolume
_2rdacarrier
505 0 _aContext. -Story. -Teaching.
526 _aSEG42
526 _aSEG41
526 _aSEG40
526 _aSEG39
526 _aP94
526 _aP87
526 _aP86
526 _aP85
526 _aP77
526 _aP76
526 _aP35
650 0 4 _aEducación cristiana
_xIntroducciones.
942 _2ddc
_cBOOK
949 _a268.01 M58
_wDEWEY
_c1
_i48654
_lCCODEBUL1
_mBUL
_p00.00
_r0
_sY
_tBOOK
_u2015-06-24
_xTEOLOGIA
_PP35
_0COMPRA
_o.STAFF. Colección General
596 _a1
999 _a268.01 M58
_wDEWEY
_c27825
_i48654
_f2021-11-10
_g5
_lCCODEBUL1
_mBUL
_r0
_sY
_tBOOK
_u2015-6-24
_xTEOLOGIA
_PP35
_0COMPRA
_o.STAFF. Colección General
_d27825
980 _81
_gALBERTO SANCHEZ Responsable de Automatización